000 00726cab a2200241 4500
001 WB2849-39
008 090401t1992 xxu||||| |||| 00| 0 eng d
035 _a(Sirsi) u45937
041 _aeng
245 _aBank approves Armenian strategy
260 _c1992
350 _a0
490 _aEuro-Build
_v(100) 14 December 1992 (3)
520 _aPlans for the European Bank of Reconstruction and Development`s involvement in Armenia have been drawn up. Summary attached.
650 _aAGRIBUSINESS
650 _aARMENIA
650 _aCOMMONWEALTH OF INDEPENDENT STATES
650 _aFINANCE
690 _aPROPERTY-PROPERTY FINANCE AND INVESTMENT
690 _aOVERSEAS-EUROPE
942 _n0
948 _c04/03/1997
999 _c29063
_d29063